Hóa học đại cương

Tallennettuna:
Bibliografiset tiedot
Päätekijä: ĐÀO ĐÌNH THỨC
Aineistotyyppi: Kirja
Kieli:Undetermined
Julkaistu: Hà Nội ĐHQG 2001
Aiheet:
Tagit: Lisää tagi
Ei tageja, Lisää ensimmäinen tagi!
Thư viện lưu trữ: Trung tâm Học liệu Trường Đại học Cần Thơ
LEADER 00457nam a2200169Ia 4500
001 CTU_48449
008 210402s9999 xx 000 0 und d
082 |a 540 
082 |b Th552/T1/2001 
100 |a ĐÀO ĐÌNH THỨC 
245 0 |a Hóa học đại cương 
245 0 |c ĐÀO ĐÌNH THỨC 
260 |a Hà Nội 
260 |b ĐHQG 
260 |c 2001 
650 |a chemistry 
980 |a Trung tâm Học liệu Trường Đại học Cần Thơ